000 00467nab a2200145Ia 4500
003 ES-SlBCS
005 20210601125455.0
008 140529s1987-88 xxu||||| |||| 00| 0 eng d
041 _aeng
100 1 _aCooke, Vincent M.
_950943
245 0 0 _aKantian Reflections on Freedom
_c Vincent M. Cooke
600 1 4 _aKant, Immanuel
_d, 1724-1804
_xCrítica e interpretación
_9103752
773 0 _tReview of Methaphysics
_gvol. 41, 1987-88, págs. 739-756
_wRev843
942 _cAR
999 _c530913
_d530913